| 000 | 00356nam a22001217a 4500 | ||
|---|---|---|---|
| 999 |
_c3462 _d3462 |
||
| 005 | 20201203092515.0 | ||
| 008 | 201203b ||||| |||| 00| 0 eng d | ||
| 020 | _a027370267X | ||
| 040 | _cCML | ||
| 245 |
_aEnterprise and Small Business. _cCarter S. |
||
| 260 |
_aLondon _bPearson Education _c2000 |
||
| 942 |
_2ddc _cBK _e2nd Edition _h338 _mCAR |
||